Taylor Swift - Compléter le refrain de Red - Statistiques

Statistiques générales
  • Ce quiz a été pris 41 fois
  • Le résultat moyen est 4 sur 5
Statistiques - réponses
Question Réponse % Correct
But *** him was red (Red, red), (Red, red) loving
100%
But *** him was red (Red, red), (Red, red) loving
95%
*** him was like tryin' to know somebody you never met Forgetting
79%
*** him was dark gray, all alone (Woah) Missing
79%
*** him was blue like I'd never known Losing
68%
Aucun quiz correspondant
Distribution des résultats
% des personnes avec chaque résultat
Percentile par nombre de réponses
Votre historique - résultats
Vous n’avez pas pris ce quiz